000 00845nam a2200229 4500
005 20180310123342.0
010 _aB-667809
020 _a9788131314036
_c350.00
035 _aB-667809
037 _bPrabhat Prakashan/Ven
_adpl
082 _a909.820922
100 _aSrivastava, Kamal S.
245 _a(101) One hundred one great leaders of the world /
_cby Kamal S.Srivastava [and] Sangeeta Srivastava
246 _aOne hundred one great leaders of the world
260 _aNew Delhi
_bAPH Publishing
_c2017
270 _a4435-36/7,Ansari Road,Darya Ganj
_bNew Delhi
_e110002
300 _ax,339p.
_c22cm(pbk)
500 _aIncludes index
700 _aSrivastava,Sangeeta
942 _2ddc
_cEN
_mSRI
_h909.820922
999 _c150321
_d150321